1541 1345 1558 1064 1110 1500 1032 1008 1241 1351 1380 1799 1653 1767 1774 1310 1512 1271 1603 1756 1712 1336 1522 1803 1064 1071 1744 1729 1001 1977 1558 1090 1943 1139 1698 1259 1150 1154 1940 1436 1112 1449 1378 1254 1673 1155 1517 1301 1607 1005 1335 1714 1861 1158 1827 1805 1102 1795 1431 1860 1279 1336 1260 1256 1077 1170 1527 1900 1753 1188 1652 1517 1246 1235 1361 1782 1110 1437 1755 1236 1956 1246 1291 1871 1203 1623 1051 1610 1452 1976 1941 1454 1875 1420 1584 1463 1062 1022 1855 BCNSPRNW ULIB Ver.6.0+V

เปลี่ยนเป็นภาษาไทย

Change to English
 แสดงรายละเอียดบรรณานุกรม
  กลับหน้าหลัก

Brief Record : Get Marc (ISO 2709) : E-mail record : QR code < ปิดหน้าต่าง
LEADER : 00000nam 2200000uu 4500
001    13399123416
003     ULIB
008    140912s2556||||th 000 0 tha d
020    ^a9786162793707
060  4 ^aWE258^bน811
100 0  ^aอภิชาติ อัศวมงคลกุล,^eบรรณาธิการ
245 00 ^aเนื้องอกกระดูกและเนื้อเยื่ออ่อน /^cบรรณาธิการ ; อภิชาติ อัศวมงคลกุล
250    ^aพิมพ์ครั้งที่ 1
260    ^aกรุงเทพฯ :^bโครงการตำรา-ศิริราช คณะแพทยศาสตร์โรงพยาบาลรามาธิบดี มหาวิทยาลัยมหิดล,^c2556^d
300    ^a590หน้า :^bภาพประกอบ
650  7 ^aกระดูก^xการรักษา
650  7 ^aมะเร็งเนื้อเยื่อ
650  7 ^aมะเร็งกระดูก
710 1  มหาวิทยาลัยมหิดล.^bคณะแพทยศาสตร์โรงพยาบาลรามาธิบดี.^bโครงการตำรารามาธิบดี.
945    ^p1800^l0^i20510
945    ^p1800^l0^i20511
999    ^aทศพร เกษรทอง
รายการนี้ยังไม่มีแท็ก
คุณยังไม่ได้ล็อกอิน คุณสามารถมีกิจกรรมร่วมกับเว็บไซต์ได้ แต่ต้องล็อกอินก่อน ::
  ล็อกอิน

รายการสื่อสารสนเทศ

ลำดับที่ ประเภท เลขเรียก/บาร์โค้ด สถานที่ สถานะ
1. วิทยาศาสตร์การแพทย์ และสุขภาพ
หนังสือสำรอง
สถานะ=หนังสือสำรอง
WE258 น811 ฉ.1 
  Barcode: 20510
ห้องสมุดวิทยาเขตนครสวรรค์
►หนังสือทั่วไป:l:General Books
บนชั้น
2. วิทยาศาสตร์การแพทย์ และสุขภาพ
วิทยาศาสตร์การแพทย์ และสุขภาพ
WE258 น811 ฉ.2 
  Barcode: 20511
ห้องสมุดวิทยาเขตนครสวรรค์
►หนังสือทั่วไป:l:General Books
บนชั้น

รายการใกล้เคียง
    หัวเรื่อง [มะเร็งเนื้อเยื่อ]
    หัวเรื่อง [มะเร็งกระดูก]

BibComment


ยังไม่เคยถูกคอมเมนท์

คอมเมนท์ทรัพยากรรายการนี้
  คอมเมนท์: เนื้องอกกระดูกแล..


 Copyright 2026. Bcnsprnw @Library